000 00529nam a2200181Ia 4500
001 20051
005 20260306172737.0
008 260306t2009||||xx |||||||||||||| ||spa||
041 _aESP
082 _a342.211
_bD71
100 _aDíaz Revorio, Francisco Javier
_eAUT
245 0 _aLos derechos humanos ante los nuevos avances científicos y tecnólogicos:
_bgenética e internet ante la constitución
260 _c2009
300 _a251 páginas :
_c24 cm.
650 _aGEN
654 _aCDE
942 _cLIB
_dJUS
_fJUS
_2ddc
_n
999 _c20051
_d20051